Regional industrial market bulletin - Autumn 2001 (Record no. 101437)

MARC details
000 -LEADER
fixed length control field 00683cam a2200229 4500
001 - CONTROL NUMBER
control field J64385
008 - FIXED-LENGTH DATA ELEMENTS--GENERAL INFORMATION
fixed length control field 000000n2001 000 0 eng u
035 ## - SYSTEM CONTROL NUMBER
System control number (Sirsi) u112507
041 ## - LANGUAGE CODE
Language code of text/sound track or separate title eng
050 ## - LIBRARY OF CONGRESS CALL NUMBER
Classification number 333.336
110 ## - MAIN ENTRY--CORPORATE NAME
Corporate name or jurisdiction name as entry element Insignia Richard Ellis
9 (RLIN) 3847
245 ## - TITLE STATEMENT
Title Regional industrial market bulletin - Autumn 2001
260 ## - PUBLICATION, DISTRIBUTION, ETC.
Place of publication, distribution, etc. London
Name of publisher, distributor, etc. Insignia Richard Ellis Reserach
Date of publication, distribution, etc. 2001
300 ## - PHYSICAL DESCRIPTION
Extent 3p. ; 30cm.
520 ## - SUMMARY, ETC.
Summary, etc. Until February 2000 the company was known as Richard Ellis St. Quintin
650 ## - SUBJECT ADDED ENTRY--TOPICAL TERM
Topical term or geographic name entry element INDUSTRIAL PROPERTY
650 ## - SUBJECT ADDED ENTRY--TOPICAL TERM
Topical term or geographic name entry element RENTAL VALUES
650 ## - SUBJECT ADDED ENTRY--TOPICAL TERM
Topical term or geographic name entry element CAPITAL VALUES
650 ## - SUBJECT ADDED ENTRY--TOPICAL TERM
Topical term or geographic name entry element TOTAL RETURNS
690 ## - LOCAL SUBJECT ADDED ENTRY--TOPICAL TERM (OCLC, RLIN)
Topical term or geographic name as entry element PROPERTY-COMMERCIAL PROPERTY
942 ## - ADDED ENTRY ELEMENTS (KOHA)
Suppress in OPAC 0
Holdings
Withdrawn status Lost status Source of classification or shelving scheme Damaged status Not for loan Home library Current library Shelving location Date acquired Total Checkouts Full call number Barcode Date last seen Copy number Price effective from Koha item type
    Dewey Decimal Classification     London London Property market reports 10/05/2001   PROPERTY MARKET REPORTS 30064385 06/08/2019 1 06/08/2019 Book
    Dewey Decimal Classification     London London Property market reports 16/04/2002   PROPERTY MARKET REPORTS 30065738 06/08/2019 2 06/08/2019 Reference material
    Dewey Decimal Classification     London London Property market reports 16/04/2002   PROPERTY MARKET REPORTS 30065742 06/08/2019 3 06/08/2019 Book